| 000 | 00448nam a2200121Ia 4500 | ||
|---|---|---|---|
| 008 | 160712s9999 xx 000 0 und d | ||
| 100 | _aDy-Liacco, Rafael. | ||
| 245 |
_cRafael Dy-Liacco _aThe Last Voyage of the Dead: The Milky Way and the Boat-Shaped Burial Markers of the Philippines Archipelago |
||
| 260 |
_c2014 _bHukay |
||
| 300 | _avol. 19 | ||
| 650 | _xARCHAEOLOGY | ||
| 856 | _uhttp://journals.upd.edu.ph/index.php/asp/issue/view/455/showToc | ||
| 999 |
_c297152 _d297152 |
||